Ερμιονίς-Αλιάς /
| Main Author: | |
|---|---|
| Format: | Book |
| Language: | Greek |
| Published: |
Αθήναι :
Αθηναϊκός Τεχνολογικός Όμιλος ; Αθηναϊκό Κέντρο Οικιστικής,
1973.
[Athens] : Athens Technological Organization ; Athens Center of Ekistics, 1973. |
| Series: | Αρχαίες εληνικές πόλεις (Αθηναϊκός Τεχνολογικός Όμιλος)
19. Ancient Greek Cities (Athens Center of Ekistics) 19. |
| Subjects: |
| LEADER | 01833nam a2200289 i 4500 | ||
|---|---|---|---|
| 003 | GR-PaULI | ||
| 005 | 20241218092444.0 | ||
| 008 | 210909t1973 gr ab||g |||| 00| 0 gre d | ||
| 040 | |a GR-PaULI |b gre |c GR-PaULI |e AACR2 | ||
| 082 | 0 | 4 | |2 23 |a 938.6 |
| 100 | 1 | |9 158123 |a Φαράκλας, Νικόλας |e συγγραφέας. | |
| 245 | 1 | 0 | |a Ερμιονίς-Αλιάς / |c Ν. Φαράκλας. |
| 260 | |a Αθήναι : |b Αθηναϊκός Τεχνολογικός Όμιλος ; |b Αθηναϊκό Κέντρο Οικιστικής, |c 1973. | ||
| 260 | |a [Athens] : |b Athens Technological Organization ; |b Athens Center of Ekistics, |c 1973. | ||
| 300 | |a 1 τ. (ποικ/λη σελ/μηση) : |b χάρτες ; |c 28 εκ. | ||
| 490 | 1 | |a Αρχαίες εληνικές πόλεις / Αθηναϊκός Τεχνολογικός Όμιλος ; |v 19 | |
| 490 | 1 | |a Ancient Greek Cities / Athens Technological Organization ; |v 19 | |
| 500 | |a Περιλαμβάνει βιβλιογραφία. | ||
| 651 | 4 | |9 187381 |a Ερμιονίς (Αρχαία πόλη) |x Αρχαιότητες. | |
| 651 | 4 | |9 187382 |a Αλιάς (Αρχαία πόλη) |x Αρχαιότητες. | |
| 830 | 0 | |9 187377 |a Αρχαίες εληνικές πόλεις (Αθηναϊκός Τεχνολογικός Όμιλος) |v 19. | |
| 830 | 0 | |a Ancient Greek Cities (Athens Center of Ekistics) |9 207134 |v 19. | |
| 942 | |2 ddc |c BK | ||
| 952 | |0 0 |1 0 |2 ddc |4 0 |6 938_600000000000000_ΦΑΡ |7 0 |9 328319 |a LISP |b LISP |c DON |d 2021-09-09 |e ΓΑΛ |i 141613 |l 0 |o 938.6 ΦΑΡ |p 025000265268 |r 2021-09-09 00:00:00 |t 1 |v 2021.00 |w 2021-09-09 |y BKN | ||
| 952 | |0 0 |1 0 |2 ddc |4 0 |6 938_600000000000000_ΦΑΡ |7 0 |9 385868 |a LISP |b LISP |c BSC |d 2024-12-18 |e ΛΑΖ |i 368535 |l 0 |o 938.6 ΦΑΡ |p 025000313923 |r 2024-12-18 09:29:54 |t 2 |w 2024-12-18 |y BK15 | ||
| 998 | |c ΣΑΤΛΑΝΗΣ |d 2021-09 | ||
| 999 | |c 183946 |d 183946 | ||